000 00526nam a22001817a 4500
005 20221121163352.0
008 220621b ||||| |||| 00| 0 eng d
040 _cAL
041 _aEnglish
082 _223
_a951.04
_bFERC
100 _aGeorge Fernandes
_963024
245 _aCommunism: from Tiananmen square to where?
260 _aNew Delhi
_bA Hind Mazdoor Kisan Panchayat Publication
_c1989
300 _a15 p.
_bPB
_c21x13 cm.
650 _aCommunism
_944265
700 _aFERNANDES (George)
_944266
942 _2ddc
_cGF
999 _c223432
_d223432